Central Library OPAC University of Rajshahi

Arizona revised statutes annotated : (Record no. 19333)

MARC details
000 -LEADER
fixed length control field 00917nam a2200265 a 4500
001 - CONTROL NUMBER
control field 19333
003 - CONTROL NUMBER IDENTIFIER
rucl marc code BD-RjUL
005 - DATE AND TIME OF LATEST TRANSACTION
control field 20211209000422.0
008 - FIXED-LENGTH DATA ELEMENTS--GENERAL INFORMATION
fixed length control field 140224t1956 mnu 000 0 eng
035 ## - SYSTEM CONTROL NUMBER
System control number (BD-RjUL)19392
040 ## - CATALOGING SOURCE
Original cataloging agency DLC
Transcribing agency DLC
Modifying agency BTCTA
-- BOP
-- BD-RjUL
Language of cataloging eng
041 ## - LANGUAGE CODE
Language code of text/sound track or separate title eng
082 04 - DEWEY DECIMAL CLASSIFICATION NUMBER
Classification number 349.979102
Author mark and year ARA 1956
110 1# - MAIN ENTRY--CORPORATE NAME
Corporate name or jurisdiction name as entry element Arizona.
9 (RLIN) 167363
245 10 - TITLE STATEMENT
Title Arizona revised statutes annotated :
Remainder of title prepared under legislative authority, Laws 1956, chapter 129 /
260 ## - PUBLICATION, DISTRIBUTION, ETC. (IMPRINT)
Place of publication, distribution, etc. St. Paul :
Name of publisher, distributor, etc. West Group,
Date of publication, distribution, etc. 1956.
300 ## - PHYSICAL DESCRIPTION
Pagination V. ;
Size 27 cm.
505 0# - FORMATTED CONTENTS NOTE
Formatted contents note Vol. 9 Title : 25. Marital and Domestic Relation 26. Military Affairs and civil 27 . Minerals, oil and gas 28. Motor Vehicles -- v. 10 --
650 #0 - SUBJECT ADDED ENTRY--TOPICAL TERM
Topical term or geographic name as entry element Law
Geographic subdivision Arizona.
9 (RLIN) 59458
710 2# - ADDED ENTRY--CORPORATE NAME
Corporate name or jurisdiction name as entry element West Group.
9 (RLIN) 59459
Corporate name or jurisdiction name as entry element West Publishing Company.
9 (RLIN) 59460
942 ## - ADDED ENTRY ELEMENTS (KOHA)
Source of classification or shelving scheme Dewey Decimal Classification
Koha item type Books
Holdings
Lost status Source of classification or shelving scheme Damaged status Not for loan Collection code Permanent Location Current Location Shelving location Date acquired Source of acquisition Total Checkouts Full call number Date last seen Copy number Koha item type
  Dewey Decimal Classification   Not For Loan Non-fiction Central Library, University of Rajshahi Central Library, University of Rajshahi Reading Room 02/02/1991 Asia foundation   349.979102 ARA V-10 1956 24/02/2014 C-1 Books
  Dewey Decimal Classification     Non-fiction Central Library, University of Rajshahi Central Library, University of Rajshahi   07/09/1991 Canada   349.979102 ARA V-9 1956 27/11/2016 C-2 Books